786 mẹo vặt tiện ích trong sử dụng máy tính

Uloženo v:
Podrobná bibliografie
Hlavní autor: Quốc Hùng
Médium: Kniha
Jazyk:Undetermined
Vydáno: H. VHTT 2002
Témata:
Tagy: Přidat tag
Žádné tagy, Buďte první, kdo otaguje tento záznam!
Thư viện lưu trữ: Trung tâm Học liệu Trường Đại học Cần Thơ
LEADER 00511nam a2200181Ia 4500
001 CTU_52071
008 210402s9999 xx 000 0 und d
020 |b 20000 
082 |a 005 
082 |b Qu451 
100 |a Quốc Hùng 
245 0 |a 786 mẹo vặt tiện ích trong sử dụng máy tính 
245 0 |c Quốc Hùng và Minh Phượng 
260 |a H. 
260 |b VHTT 
260 |c 2002 
650 |a computer science 
980 |a Trung tâm Học liệu Trường Đại học Cần Thơ